| 000 | 00957cam a2200217 4500 | ||
|---|---|---|---|
| 001 | WB3732-16 | ||
| 008 | 010829n2001 000 0 eng u | ||
| 035 | _a(Sirsi) u114360 | ||
| 245 | _aReal estate sector improves its response time | ||
| 260 | _c2001 | ||
| 490 |
_aFinancial Times _v24 August 2001, 23(2) |
||
| 520 | _aDiscusses how faster access to quality data on real estate values, vacancy rates and other measures of the sector's health means that investors are now able to react much more quickly than in the past to economic changes. Thus the time lag between a period of economic expansion or contraction and its impact on the real estate market seems to be shortening. Graph. | ||
| 590 | _aWB | ||
| 650 | _aECONOMIC CHANGE | ||
| 650 | _aINVESTMENT MARKET | ||
| 650 | _aUNITED STATES | ||
| 650 | _aPROPERTY VALUES | ||
| 650 | _aINFORMATION SOURCES | ||
| 690 | _aPROPERTY-COMMERCIAL PROPERTY-COMMERCIAL PROPERTY MARKET | ||
| 942 | _n0 | ||
| 999 |
_c68101 _d68101 |
||